AFC Futsal Championship Top 4 Positions (Asia) - Statistics

General Stats
  • This quiz has been taken 128 times
  • The average score is 9 of 12
Answer Stats
Answer % Correct
Japan
100%
Iran
97%
China
96%
South Korea
95%
Thailand
88%
Iraq
86%
Uzbekistan
78%
Vietnam
76%
Australia
65%
Kazakhstan
54%
Kuwait
49%
Kyrgyzstan
36%
No matching quizzes found
Score Distribution
Percent of People with Each Score
Percentile by Number Answered
Your Score History
You have not taken this quiz